The littles go exploring / (Record no. 437)

MARC details
000 -LEADER
fixed length control field 01121nam a22002417a 4500
001 - CONTROL NUMBER
control field 437
003 - CONTROL NUMBER IDENTIFIER
control field FISKH
005 - DATE AND TIME OF LATEST TRANSACTION
control field 20231214104500.0
008 - FIXED-LENGTH DATA ELEMENTS--GENERAL INFORMATION
fixed length control field 230421b cb ||||| |||| 00| 0 eng d
020 ## - INTERNATIONAL STANDARD BOOK NUMBER
International Standard Book Number 9780590465960
040 ## - CATALOGING SOURCE
Original cataloging agency FISKH
Language of cataloging eng
Transcribing agency FISKH
Modifying agency FISKH
050 ## - LIBRARY OF CONGRESS CALL NUMBER
Classification number PZ7.P4445
082 ## - DEWEY DECIMAL CLASSIFICATION NUMBER
Classification number 813.54
100 ## - MAIN ENTRY--PERSONAL NAME
Personal name Peterson, John
245 ## - TITLE STATEMENT
Title The littles go exploring /
Statement of responsibility, etc. by John Peterson
260 ## - PUBLICATION, DISTRIBUTION, ETC.
Place of publication, distribution, etc. New York :
Name of publisher, distributor, etc. Scholastic.
Date of publication, distribution, etc. 1978.
300 ## - PHYSICAL DESCRIPTION
Extent 94 pages.
Dimensions 20 cm.
505 ## - FORMATTED CONTENTS NOTE
Formatted contents note F
520 ## - SUMMARY, ETC.
Summary, etc. The tenth book from this classic series is ready to grab the attention of a new generation! Fresh cover art brings an updated look to this timeless favorite. Years ago, Grandpa Little set off to explore and was never seen again and the mystery of his disappearance was never solved. But now, Lucy and Tom have stumbled across a secret room where Grandpa kept many papers and maps. And they think they can figure out the path he took into the wilderness the last time he set out on an expedition! The family packs up and heads upstream.
521 8# - TARGET AUDIENCE NOTE
Target audience note 440 <br/>
Source Lexile
521 8# - TARGET AUDIENCE NOTE
Target audience note F <br/>
Source Raz-Plus
942 ## - ADDED ENTRY ELEMENTS (KOHA)
Source of classification or shelving scheme Dewey Decimal Classification
Koha item type Books
Suppress in OPAC No
Holdings
Withdrawn status Lost status Source of classification or shelving scheme Damaged status Not for loan Collection Home library Current library Shelving location Date acquired Total Checkouts Full call number Barcode Date last seen Date last checked out Price effective from Koha item type Copy number
    Dewey Decimal Classification     Juvenile Fiction Footprints International School Library Network Toul Kork Campus Footprints International School Library Network Toul Kork Campus TK Primary Library Room(4th Floor), Bookcase 1&2, Shelves 1-16, Dark Blue Books 04/21/2023 2 PET 813.54 PZ7.P4445 FISTK00222 12/18/2024 12/11/2024 04/21/2023 Books  
    Dewey Decimal Classification     Juvenile Fiction Footprints International School Library Network Toul Kork Campus Footprints International School Library Network Toul Kork Campus   12/13/2023 3 PET 813.54 PZ7.P4445 FIS00123 03/19/2024 03/12/2024 04/21/2023 Books 2